00000000nam##2200000za#4500
0019.697748
003CaOODSP
00520250506145324
007cr |||||||||||
008150407|1979||||xxc|||||o    f|0| 0 eng|d
040 |aCaOODSP|beng
043 |an-cn---
0861 |aA73-1504/1979E-PDF
1101 |aCanada.|bAgriculture Canada.
24510|aFavorite recipes with rapeseed oil |h[electronic resource]
260 |aOttawa - Ontario : |bAgriculture Canada |cPrinted 1973, c1979.
300 |a24p.|billus., index
500 |aHistorical publication digitized by Agriculture and Agri-Food Canada. "A federal/provincial publication. Canada/Alberta"--p. 3 of 24.
590 |a13-17-Supp|b2013-07-25
69007|aCooking|2gcpds
69007|aEdible oils and fats|2gcpds
85640|ahttp://publications.gc.ca|qPDF|s1.10 MB|uhttps://publications.gc.ca/collections/collection_2013/aac-aafc/agrhist/A73-1504-1979-eng.pdf